Normal view
MARC view
Entry Topical Term
001 - CONTROL NUMBER
- control field: 438
003 - CONTROL NUMBER IDENTIFIER
- control field: TR-AnCHP
005 - DATE AND TIME OF LATEST TRANSACTION
- control field: 20190110122434.0
008 - FIXED-LENGTH DATA ELEMENTS
- fixed length control field: 190110|| aca||babn | a|a d
040 ## - CATALOGING SOURCE
- Original cataloging agency: TR-AnCHP
150 ## - HEADING--TOPICAL TERM
- Topical term or geographic name entry element: Gazeteciler
- General subdivision: Basın özgürlüğüRaporlar
